00389cam a22001337a 4500008004000000020001500040082001800055100001600073245006700089260002700156300001000183650003000193650003200223180718b2002 xxu||||| |||| 00| 0 eng d a8173052220 aBA1x5461 P192 aPande, B.M. aThe archaeology and monumental remains of Delhicby B.M. Pande aNew DelhibAryanc2002 a189p. aMonuments - India - Delhi aArchaeology - India - Delhi